000 00529 a2200205 4500
005 20260421153827.0
008 260421b |||||||| |||| 00| 0 eng d
020 _a8171693008
_cRs. 4000.00
040 _aMAIN
082 _a632.4
_bB791D
100 _aBrooks, F T
245 _aDictionary of fungus diseases of plants
260 _bCommonwealth Publishers
_c2025
_aNew Delhi
300 _avi, 652
650 _aAgriculture
650 _aPlant Diseases
650 _aFungal Diseases
700 _aSmith, M
942 _cBK
999 _c396072
_d396072